Datum a čas kvízu
23
Celkem bodů
Celkový počet nahraných bodů na tomto kvízu bez doplňovacích otázek.
8.
Pořadí na kvízu
Konečné umístění týmu na tomto kvízu.
Zaznamenané odpovědi
| # | Otázka | Odpověď | Body | Výsledky |
|---|---|---|---|---|
| 1. | Starosta jedné městské části T... | v Brně | 1 | |
| 2. | Ve čtvrtek jsme se dozvěděli,... | Katy Perry | 1 | |
| 3. | Na jezeře v Mostě padl minulý... | C) otužovaly se | 1 | |
| 4. | Jak se nazývá nová platforma,... | Oneplay | 1 | |
| 5. | Ve středu odstartoval v norské... | klasické (severské) lyžování | 1 | |
| 6. | Které souostroví se v češtině... | Kapverdy | 0 | |
| 7. | Na okraji obce ve Zlínském kra... | Modrá | 0 | |
| 8. | Která známá historická osobnos... | Adolf Hitler | 1 | |
| 9. | Jak se jmenuje prales na hrani... | Bělověžský prales | 0 | |
| 10. | Jak se nazývá německé pohoří,... | Černý les (Schwarzwald) | 0 |